<?xml version="1.0" encoding="UTF-8"?>
<marc:record xmlns:marc="http://www.loc.gov/MARC21/slim">
   <marc:leader>00000nam a2200000 a 4500</marc:leader>
   <marc:datafield ind1="1" ind2=" " tag="100">
      <marc:subfield code="a">Buchholz, Natalie</marc:subfield>
      <marc:subfield code="4">aut</marc:subfield>
      <marc:subfield code="e">Verfasser/-in</marc:subfield>
   </marc:datafield>
   <marc:datafield ind1="0" ind2="0" tag="245">
      <marc:subfield code="a">PS: Du bist meine Heldin!</marc:subfield>
   </marc:datafield>
   <marc:datafield ind1=" " ind2="1" tag="264">
      <marc:subfield code="b">ars edition</marc:subfield>
      <marc:subfield code="c">2024</marc:subfield>
   </marc:datafield>
   <marc:datafield ind1="1" ind2=" " tag="490">
      <marc:subfield code="a">PS: Du bist die Beste!</marc:subfield>
   </marc:datafield>
   <marc:datafield ind1="1" ind2=" " tag="520">
      <marc:subfield code="a">Zusammen können Lore und Emma alles meistern – sogar die Liebe!

Emma und Lore sind wie Pech und Schwefel, einfach allerbeste Freundinnen! Doch als Lores fester Freund Alex überraschend mit seinem Vater zu Emma nach Bayern reist, steht plötzlich alles Kopf. Darf man sich in den Freund der besten Freundin verlieben? Und kann man sich eigentlich auch doppelt verlieben? Lore und Emma werden vor einen ganzen Haufen Fragen gestellt. Dabei erleben sie die bislang größte Herausforderung ihrer Freundschaft. Mitten in diesem Gefühlschaos lernen sie, dass echte Freundinnen immer füreinander da sind, auch wenn das Herz total verrücktspielt … Denn beiden ist immer klar: Ihre Freundin ist eine echte Heldin!</marc:subfield>
   </marc:datafield>
   <marc:datafield ind1=" " ind2=" " tag="020">
      <marc:subfield code="a">9783845856186</marc:subfield>
      <marc:subfield code="9">9783845856186</marc:subfield>
   </marc:datafield>
</marc:record>
